000 00862nam a2200229 a 4500
001 81679
003 BD-RjUL
005 20230813124729.0
008 230813s2018 bg ||||| |||| 00| 0 eng d
035 _a(BD-RjUL)81679
040 _aBD-RjUL
_beng
_cBD-RjUL
041 _aben
082 _223
_a891.44209
_bDEM 2018
100 _aদীন, সেলিম আল
245 1 0 _aমধ্যযুগের বাঙলা নাট্য /
_cসেলিম আল দীন
250 _a১ম হাওলাদার সং.
260 _aঢাকা :
_bহাওলাদার প্রকাশনী,
_c২০১৮
300 _a৪৬১ পৃ.;
_c২২ সেমি.
650 _aবাংলা নাটক
_xইতিহাস ও সমলোচনা
_98325
650 _aBengali Drama
_xHistory and Criticism
_91754
942 _2ddc
_cBK
999 _c81679
_d81679